| 000 | 02814nam a2200361Ia 4500 | ||
|---|---|---|---|
| 001 | CRC0KE11801PDF | ||
| 003 | BD-DhSAU | ||
| 005 | 20151012144305.0 | ||
| 006 | m|||||o||d|||||||| | ||
| 007 | cr|||| | ||
| 008 | 110310s2011 fluabcd sb 001 0 eng d | ||
| 020 | _a9781439839164 (ebook : PDF) | ||
| 040 |
_aBD-DhSAU _cBD-DhSAU |
||
| 090 |
_aTD1050.W36 _bH54 2011 |
||
| 092 |
_a363.1791 _bH636 |
||
| 100 | 1 |
_aHiggins, Thomas E., _d1948- |
|
| 245 | 1 | 0 |
_aToxic chemicals _h[electronic resource] : _brisk prevention through use reduction / _cThomas E. Higgins and Jayanti A. Sachdev, Stephen A. Engleman. |
| 260 |
_aBoca Raton, Fla. : _bCRC Press, _c2011. |
||
| 300 |
_axxv, 326 p. : _bill., maps, ports. |
||
| 504 | _aIncludes bibliographical references and index. | ||
| 505 | 0 | _ach. 1. Introduction -- ch. 2. Toxic chemical composition reporting -- ch. 3. Toxic chemical release reporting -- ch. 4. TRI programs in other countries -- ch. 5. TRI program impacts on reducing toxic chemical releases -- ch. 6. Quantifying toxicity -- ch. 7. Quantifying mobility -- ch. 8. Quantifying persistence -- ch. 9. Quantifying bioconcentration -- ch. 10. Developing effective toxicity factors -- ch. 11. Focusing on impact chemicals -- ch. 12. Use versus release reporting -- ch. 13. Pollution prevention planning -- ch. 14. Technical assistance -- ch. 15. Market-based approaches to environmental protection -- ch. 16. A program to reduce toxic chemical use -- ch. 17. Costs and benefits. | |
| 520 |
_a"Catastrophic events such as the Bhopal, India tragedy and rising incidences of cancer in areas neighboring industrial facilities have heightened concern over the use of toxic chemicals in manufacturing and industry. Based on the author's research conducted through their development of a program in Sao Paulo, Brazil, the book explores the history of toxic chemical release reporting programs, presents data on the actual toxicity of chemicals currently in use, discusses variables that contribute to the relative toxicity of a substance, compares alternate emphases in existing programs for reducing environmental threats, and provides a specific and health-based program to reduce or eliminate the use of toxic chemicals"-- _cProvided by publisher. |
||
| 530 | _aAlso available in print edition. | ||
| 538 | _aMode of access: World Wide Web. | ||
| 650 | 0 |
_aChemical industry _xWaste minimization. |
|
| 650 | 0 |
_aHazardous wastes _xManagement _xGovernment policy. |
|
| 650 | 0 |
_aChemicals _xAccidents _xPrevention. |
|
| 655 | 7 |
_aElectronic books. _2lcsh |
|
| 700 | 1 | _aSachdev, Jayanti A. | |
| 700 | 1 | _aEngleman, Stephen A. | |
| 776 | 1 | _z9781439839157 | |
| 856 | 4 | 0 |
_uhttp://marc.crcnetbase.com/isbn/9781439839164 _qapplication/PDF |
| 999 |
_c11668 _d11667 |
||